000 00469cam a22001934a 4500
005 20250605164316.0
008 250528s ||||||||||||||||||||||||d
035 _a22711
020 _a9780861871643
040 _aGR-AtMCL
_bgre
_dGR-AtMCL
_eAACR2
245 1 _aEUROPEAN COMPETITION POLICY
250 _a1
260 _bChatham House Papers,
_c1990
300 _a135
700 1 _aMontagnon Peter
_98431
942 _cBK
999 _c7757
_d7757